000 00297nam a22001097a 4500
008 230619b xxu||||| |||| 00| 0 eng d
082 _24
_a299.93
_bPAV
245 _aTheosophy Explained in Questions and Answers
260 _aIndia
_bThe Indian Bookshop
_c1982
300 _aXXVI,580p
942 _2ddc
_cBK
999 _c1202
_d1202